| 000 | 00463nam a22001697a 4500 | ||
|---|---|---|---|
| 003 | OSt | ||
| 005 | 20250109154947.0 | ||
| 008 | 250109b |||||||| |||| 00| 0 eng d | ||
| 020 | _a9788186336793 | ||
| 040 |
_aSRHU _bEnglish _cDrolia Pustak Bhandar |
||
| 082 | _21st | ||
| 245 |
_a Prana & Pranayama _c Swami Niranjananda Saraswati |
||
| 250 | _a1st | ||
| 260 |
_aBihar _bYoga Publication Trust _c2016 |
||
| 300 |
_aviii,362p _c22cm |
||
| 942 |
_2ddc _cYS _e1st |
||
| 999 |
_c19312 _d19312 |
||